00624nam a2200157 a 4500008004100000020001500041050001300056110001500069245015600084260004000240300001600280350000900296490008000305650004300385650003800428070403s2006 ||||||||||||||||| || u a0821369008 aIBRD(02) aWorld Bank10aLiberalisation and universal access to basic services: telecommunications, water and sanitation, financial services, and electricitycby the World Bank aWashington, D. C.bWorld Bankc2006 a272p.; ill. a0.00 aOrganisation for Economic Co-operation and Development Trade Policy Studies aHUMAN SERVICES--CROSS CULTURAL STUDIES aBASIC SERVICES DELIVERY--RESEARCH